[Event "DLM 2010"]
[Site "Stuttgart GER"]
[Date "2010.11.20"]
[Round "7"]
[White "Weber, Sandra"]
[Black "Sadewasser, Lucie"]
[Result "1/2-1/2"]
[Termination "normal"]
[Board "3.8"]
[WhiteElo "1511"]
[BlackElo "1279"]
[WhiteTeam "Württemberg 1"]
[BlackTeam "Mecklenburg-Vorpommern"]
[WhiteFideId "1270049"]
[BlackFideId "12905445"]
[EventCountry "GER"]
[EventRounds "7"]
[EventType "team-swiss"]
[EventDate "2010.11.16"]

1. e4 e5 2. Nf3 Nc6 3. Bb5 a6 4. Ba4 Nf6 5. O-O Be7 6. Re1 b5 7. Bb3 d6 8. h3
O-O 9. c3 Na5 10. Bc2 c5 11. d4 Qc7 12. Nbd2 Bd7 13. Nf1 Rac8 14. dxe5 dxe5 15.
Ng3 Rfd8 16. Qe2 Rb8 17. b3 b4 18. Bb2 bxc3 19. Bxc3 Bb5 20. Bxe5 Qxe5 21. Nxe5
Bxe2 22. Rxe2 Bd6 23. Nxf7 Kxf7 24. e5 Be7 25. exf6 Bxf6 26. Rb1 c4 27. Ne4
cxb3 28. Bxb3+ Nxb3 29. axb3 a5 30. Ra2 Rd5 31. Nxf6 Kxf6 32. Rba1 Rbb5 33. Ra4
Ke5 34. f3 Kd6 35. Rg4 g6 36. Rb1 Rb4 37. Rxb4 axb4 38. Kf2 h5 1/2-1/2

[Event "DLM 2010"]
[Site "Stuttgart GER"]
[Date "2010.11.20"]
[Round "7"]
[White "Seifert, Christopher"]
[Black "Wenninger, Philipp"]
[Result "0-1"]
[Termination "normal"]
[Board "4.1"]
[WhiteElo "2217"]
[BlackElo "2080"]
[WhiteTeam "Hessen 2"]
[BlackTeam "Württemberg 2"]
[WhiteFideId "24615293"]
[BlackFideId "4648404"]
[EventCountry "GER"]
[EventRounds "7"]
[EventType "team-swiss"]
[EventDate "2010.11.16"]

1. c4 c6 2. Nc3 d5 3. e3 Nf6 4. Nf3 g6 5. b3 Bg7 6. Bb2 O-O 7. Be2 Nbd7 8. d4
a6 9. Ne5 dxc4 10. Nxd7 Bxd7 11. bxc4 c5 12. O-O cxd4 13. exd4 Bf5 14. Qb3 Qc7
15. Rfd1 Rfd8 16. Na4 b5 17. cxb5 Bc2 18. Qc3 Qxc3 19. Nxc3 Bxd1 20. Rxd1 axb5
21. Bxb5 Rab8 22. a4 Nd5 23. Kf1 Nc7 24. Re1 e6 25. d5 exd5 26. Rb1 d4 0-1

[Event "DLM 2010"]
[Site "Stuttgart GER"]
[Date "2010.11.20"]
[Round "7"]
[White "Will, Dominik"]
[Black "Zimmermann, Ulrich"]
[Result "1/2-1/2"]
[Termination "normal"]
[Board "4.3"]
[WhiteElo "2023"]
[BlackElo "2055"]
[WhiteTeam "Hessen 2"]
[BlackTeam "Württemberg 2"]
[WhiteFideId "4696557"]
[BlackFideId "24654523"]
[EventCountry "GER"]
[EventRounds "7"]
[EventType "team-swiss"]
[EventDate "2010.11.16"]

1. e4 c5 2. Nf3 d6 3. d4 cxd4 4. Nxd4 Nf6 5. Nc3 Nc6 6. Bg5 e6 7. Qd2 a6 8.
O-O-O Qb6 9. Bxf6 gxf6 10. Nb3 Be7 11. f4 Bd7 12. f5 O-O-O 13. g3 h5 14. Bh3
Kb8 15. Kb1 Rc8 16. fxe6 fxe6 17. Nd5 exd5 18. Bxd7 Rc7 19. Bxc6 bxc6 20. exd5
h4 21. g4 Rg8 22. h3 Rg5 23. dxc6 f5 24. Rhe1 Rg8 25. Qd5 Rg5 26. gxf5 Rg3 27.
Rxe7 Rxe7 28. f6 Rc7 29. Nd4 Qc5 30. Qxc5 dxc5 31. Ne6 Rf3 32. Nxc7 Kxc7 33. f7
Kxc6 34. b3 Rxf7 35. Kb2 Rf3 36. Rd3 Rg3 1/2-1/2

[Event "DLM 2010"]
[Site "Stuttgart GER"]
[Date "2010.11.20"]
[Round "7"]
[White "Stitterich, Nadine"]
[Black "Galkin, Wladislaw"]
[Result "0-1"]
[Termination "normal"]
[Board "4.4"]
[WhiteElo "2000"]
[BlackElo "1924"]
[WhiteTeam "Württemberg 2"]
[BlackTeam "Hessen 2"]
[WhiteFideId "24676527"]
[BlackFideId "4603192"]
[EventCountry "GER"]
[EventRounds "7"]
[EventType "team-swiss"]
[EventDate "2010.11.16"]

1. e4 e5 2. Nf3 Nc6 3. Bb5 a6 4. Ba4 Nf6 5. O-O b5 6. Bb3 Be7 7. Re1 d6 8. h3
O-O 9. c3 Na5 10. Bc2 c5 11. d4 Qc7 12. d5 c4 13. Nbd2 Nb7 14. Nf1 Nc5 15. b4
cxb3 16. axb3 Bb7 17. Ng3 Rfc8 18. Bd2 g6 19. c4 bxc4 20. Ba5 Qd7 21. b4 Nb3
22. Bxb3 cxb3 23. Qxb3 Bd8 24. Qd3 Bxa5 25. bxa5 Rc5 26. Reb1 Qc7 27. Qd2 Nd7
28. Rc1 f6 29. h4 Kg7 30. h5 Rxc1+ 31. Rxc1 Nc5 32. Rb1 Bc8 33. hxg6 hxg6 34.
Rb6 Bd7 35. Rb1 Rb8 36. Rxb8 Qxb8 37. Ne1 Qb5 38. Kh2 Nb7 39. Nd3 Qxa5 40. Qb2
Qb5 41. Ne2 Qxb2 42. Nxb2 Bb5 43. Nc3 Nc5 44. f3 Kf7 45. g3 Ke7 46. Kg2 Kd7 47.
Nxb5 axb5 48. Kf2 Kc7 49. Ke3 Kb6 50. Kd2 Ka5 51. Kc3 Na4+ 0-1

[Event "DLM 2010"]
[Site "Stuttgart GER"]
[Date "2010.11.20"]
[Round "7"]
[White "Schmalhorst, Sophia"]
[Black "Gibicar, Danijel"]
[Result "0-1"]
[Termination "normal"]
[Board "4.5"]
[WhiteElo "1850"]
[BlackElo "1992"]
[WhiteTeam "Hessen 2"]
[BlackTeam "Württemberg 2"]
[WhiteFideId "24682497"]
[BlackFideId "24660256"]
[EventCountry "GER"]
[EventRounds "7"]
[EventType "team-swiss"]
[EventDate "2010.11.16"]

1. e4 e6 2. Nf3 d5 3. Nc3 Nf6 4. e5 Nfd7 5. d4 c5 6. dxc5 Bxc5 7. Bd3 Nc6 8.
Bf4 h6 9. O-O O-O 10. Qd2 Be7 11. Rae1 Nc5 12. a3 Nxd3 13. cxd3 a5 14. Rc1 Bd7
15. Ne2 a4 16. Nfd4 Qa5 17. Nxc6 bxc6 18. d4 Qxd2 19. Bxd2 Rab8 20. Rc2 Rb7 21.
Nc3 Ra8 22. Be3 Rba7 23. Na2 Rb8 24. Nc3 Bc8 25. Rfc1 Ba6 26. h3 Bd3 27. Rd2
Bc4 28. Rdc2 Rc7 29. Nb1 Rcb7 30. Nd2 Bd3 31. Rc3 Bg6 32. Rxc6 Rxb2 33. Rc8+
Rxc8 34. Rxc8+ Kh7 35. Ra8 Bc2 36. Nf3 Bxa3 37. Kh2 Bb4 0-1

[Event "DLM 2010"]
[Site "Stuttgart GER"]
[Date "2010.11.20"]
[Round "7"]
[White "Zeller, Elisa"]
[Black "Baskin, Robert"]
[Result "1/2-1/2"]
[Termination "normal"]
[Board "4.6"]
[WhiteElo "1770"]
[BlackElo "1870"]
[WhiteTeam "Württemberg 2"]
[BlackTeam "Hessen 2"]
[WhiteFideId "24662410"]
[BlackFideId "24662402"]
[EventCountry "GER"]
[EventRounds "7"]
[EventType "team-swiss"]
[EventDate "2010.11.16"]

1. e4 c5 2. Nf3 d6 3. d4 cxd4 4. Nxd4 Nf6 5. Nc3 a6 6. Be2 e5 7. Nb3 Be6 8. O-O
Be7 9. Be3 Nbd7 10. Kh1 O-O 11. f4 exf4 12. Bxf4 Ne5 13. Nd4 Qc7 14. Nf3 Ng6
15. Bd2 Rac8 16. Nd4 Rfe8 17. Nf5 Bf8 18. Ne3 Qc6 19. Bf3 Ne5 20. Ned5 Bxd5 21.
exd5 Qc7 22. Bg5 Be7 23. Bxf6 Bxf6 24. Be4 Qe7 25. Bf5 Rc4 26. Ne4 Bg5 27. b3
Rc7 28. Qh5 Bh6 29. g4 Nd7 30. Rae1 Qf8 31. Bxd7 Rxd7 32. g5 Rde7 33. Qh4 Rxe4
34. Rxe4 Bxg5 35. Rxe8 Bxh4 36. Rxf8+ Kxf8 37. Rf4 Bd8 38. Re4 Bg5 39. c4 b6
40. b4 Be7 41. a4 a5 42. bxa5 bxa5 43. Re1 Bf6 44. c5 dxc5 45. d6 Bd8 46. d7
Be7 47. Rc1 Bd8 48. Re1 Be7 49. Rd1 Bd8 50. Re1 Be7 51. Rc1 Bd8 52. Rxc5 Ke7
53. Rd5 g6 54. Kg2 f5 55. Kf3 Ke6 56. Rd1 Ke5 57. h3 h6 1/2-1/2

[Event "DLM 2010"]
[Site "Stuttgart GER"]
[Date "2010.11.20"]
[Round "7"]
[White "Sancar, Alina"]
[Black "Hupfer, Garlef"]
[Result "0-1"]
[Termination "normal"]
[Board "4.7"]
[WhiteElo "1793"]
[BlackElo "1677"]
[WhiteTeam "Hessen 2"]
[BlackTeam "Württemberg 2"]
[WhiteFideId "4624750"]
[BlackFideId "12906662"]
[EventCountry "GER"]
[EventRounds "7"]
[EventType "team-swiss"]
[EventDate "2010.11.16"]

1. e4 e5 2. Nf3 Nc6 3. Bc4 Bc5 4. c3 Nf6 5. d3 d6 6. h3 Be6 7. Bb5 O-O 8. Nbd2
Nd7 9. Nb3 Bb6 10. Ng5 h6 11. Nxe6 fxe6 12. O-O Qh4 13. Qe2 Rf6 14. Be3 Rg6 15.
Kh2 Rf8 16. Bxb6 axb6 17. Nd2 Qg5 18. g3 Rgf6 19. a4 h5 20. a5 bxa5 21. Bxc6
bxc6 22. Rxa5 h4 23. Ra7 Rxf2+ 24. Rxf2 Qxg3+ 25. Kh1 Rxf2 26. Ra8+ Nf8 27.
Rxf8+ Kxf8 0-1

[Event "DLM 2010"]
[Site "Stuttgart GER"]
[Date "2010.11.20"]
[Round "7"]
[White "Gaßmann, Linda"]
[Black "Brandl, Lea"]
[Result "1/2-1/2"]
[Termination "normal"]
[Board "4.8"]
[WhiteElo "1821"]
[BlackElo "1542"]
[WhiteTeam "Württemberg 2"]
[BlackTeam "Hessen 2"]
[WhiteFideId "12900451"]
[BlackFideId "24693049"]
[EventCountry "GER"]
[EventRounds "7"]
[EventType "team-swiss"]
[EventDate "2010.11.16"]

1. e4 c5 2. Nf3 d6 3. d4 cxd4 4. Nxd4 Nf6 5. Nc3 a6 6. Be2 e5 7. Nf3 Be7 8. h3
Be6 9. O-O O-O 10. Be3 Nbd7 11. Ng5 Qc8 12. Nxe6 fxe6 13. Qd2 b5 14. Bf3 Qc7
15. Ne2 Rac8 16. c3 Kh8 17. Rfd1 Qd8 18. Ng3 Qe8 19. Qe2 Qf7 20. Rac1 Nc5 21.
h4 Nfd7 22. h5 h6 23. b3 Nb7 24. Rc2 Rc7 25. Rdc1 Rfc8 26. Qd2 Qf6 27. Kf1 Bf8
28. Kg1 Qf7 29. Qe2 Nf6 30. Bd2 Nd8 31. Be1 Nc6 32. Qd3 Qe8 33. Qe3 Qd7 34. Qe2
Ra7 35. Bd2 Raa8 36. Be3 Rab8 37. Qd2 Qb7 38. c4 b4 39. c5 dxc5 40. Bxc5 Bxc5
41. Rxc5 Nd7 42. R5c2 Rc7 1/2-1/2

[Event "DLM 2010"]
[Site "Stuttgart GER"]
[Date "2010.11.20"]
[Round "7"]
[White "Frischmann, Rick"]
[Black "Mundorf, Johannes"]
[Result "0-1"]
[Termination "normal"]
[Board "5.3"]
[WhiteElo "1906"]
[BlackElo "1952"]
[WhiteTeam "Saarland"]
[BlackTeam "Nordrhein-Westfalen"]
[WhiteFideId "24660752"]
[BlackFideId "24672491"]
[EventCountry "GER"]
[EventRounds "7"]
[EventType "team-swiss"]
[EventDate "2010.11.16"]

1. e4 e6 2. d4 d5 3. Nd2 Nc6 4. Ngf3 Nf6 5. e5 Nd7 6. c3 f6 7. exf6 Qxf6 8. Nb3
Bd6 9. Bg5 Qg6 10. Qd2 e5 11. dxe5 Ndxe5 12. O-O-O O-O 13. h4 Be6 14. Nfd4 h6
15. Be3 Nxd4 16. Nxd4 c6 17. h5 Qf6 18. f3 Bd7 19. g4 Rae8 20. g5 hxg5 21. Bxg5
Qf7 22. Bg2 Nc4 23. Qf2 Bf4+ 24. Bxf4 Qxf4+ 25. Kb1 Re7 26. Qh4 Bf5+ 27. Ka1
Qxh4 28. Rxh4 Ne3 29. Nxf5 Rxf5 30. Bh3 Rxf3 31. Rg1 Kh7 32. a3 Rf2 33. Ra4 b6
34. Rb1 Nc4 35. Bf1 Nd2 36. Bd3+ Kh6 37. Rg1 Ne4 38. Bxe4 dxe4 39. Rd4 e3 40.
Rdd1 e2 41. Rde1 Ref7 42. Rg6+ Kxh5 43. Re6 Rf1 44. R6xe2 Rxe1+ 45. Rxe1 g5 0-1

[Event "DLM 2010"]
[Site "Stuttgart GER"]
[Date "2010.11.20"]
[Round "7"]
[White "Takeuchi, Eiki"]
[Black "Holle, Cedric"]
[Result "1-0"]
[Termination "normal"]
[Board "5.4"]
[WhiteElo "1885"]
[BlackElo "1780"]
[WhiteTeam "Nordrhein-Westfalen"]
[BlackTeam "Saarland"]
[WhiteFideId "24663751"]
[BlackFideId "24692158"]
[EventCountry "GER"]
[EventRounds "7"]
[EventType "team-swiss"]
[EventDate "2010.11.16"]

1. c4 e6 2. Nf3 d5 3. g3 Nf6 4. Bg2 Bd6 5. O-O O-O 6. d4 c6 7. b3 Nbd7 8. Bb2
Re8 9. Nbd2 e5 10. dxe5 Nxe5 11. Qc2 dxc4 12. Nxc4 Nxf3+ 13. Bxf3 Bc5 14. Rfd1
Qe7 15. Rac1 Bh3 16. a3 a5 17. e3 Qe6 18. Qc3 Qf5 19. Bg2 Bg4 20. Rd2 a4 21. b4
Bf8 22. f3 Bh3 23. g4 Bxg4 24. fxg4 Qxg4 25. Rd4 Qg5 26. Rd3 Re4 27. Kh1 Rh4
28. Qe5 Qh6 29. Qg3 Ng4 30. h3 Nf6 31. Rd4 Rh5 32. Rf1 Re8 33. Rdf4 Rg5 34. Qf3
Nh5 35. Rg4 f5 36. Kg1 Re6 37. Rxg5 Qxg5 38. Qxf5 Qxf5 39. Rxf5 Nf6 40. Re5 1-0

[Event "DLM 2010"]
[Site "Stuttgart GER"]
[Date "2010.11.20"]
[Round "7"]
[White "Brühan, Caren"]
[Black "Kuckling, Hannah"]
[Result "0-1"]
[Termination "normal"]
[Board "5.5"]
[WhiteElo "1683"]
[BlackElo "1610"]
[WhiteTeam "Saarland"]
[BlackTeam "Nordrhein-Westfalen"]
[WhiteFideId "24691976"]
[BlackFideId "24603660"]
[EventCountry "GER"]
[EventRounds "7"]
[EventType "team-swiss"]
[EventDate "2010.11.16"]

1. d4 f5 2. Nf3 Nf6 3. e3 g6 4. Bd3 Bg7 5. c3 O-O 6. O-O d6 7. Re1 Nc6 8. Nbd2
e5 9. dxe5 dxe5 10. Bc4+ Kh8 11. Qb3 Na5 12. Qc2 e4 13. Nd4 Nxc4 14. Nxc4 c5
15. Ne2 Qc7 16. h3 b5 17. Nd2 g5 18. a4 Bd7 19. axb5 Bxb5 20. c4 Bd7 21. Ra6
Bc8 22. Ra3 Bb7 23. b3 a6 24. Ng3 Nd7 25. Bb2 Bxb2 26. Qxb2+ Qe5 27. Qxe5+ Nxe5
28. Ra5 Nd3 29. Rb1 Rad8 30. Ra2 Rd6 31. f3 exf3 32. Nxf3 h6 33. Rd2 Be4 34.
Rbd1 Rfd8 35. Ne1 R6d7 36. Nxe4 fxe4 37. Kh2 Kg7 38. Nc2 Rb8 39. Rb1 Rdb7 40.
Na1 Rb4 41. Rc2 a5 42. Ra2 a4 43. Ra3 Ne5 44. Rd1 axb3 45. Ra7+ R8b7 0-1

[Event "DLM 2010"]
[Site "Stuttgart GER"]
[Date "2010.11.20"]
[Round "7"]
[White "Rempe, Moritz"]
[Black "Alt, Elisabeth"]
[Result "0-1"]
[Termination "normal"]
[Board "5.6"]
[WhiteElo "1748"]
[BlackElo "1386"]
[WhiteTeam "Nordrhein-Westfalen"]
[BlackTeam "Saarland"]
[WhiteFideId "12906867"]
[BlackFideId "24692620"]
[EventCountry "GER"]
[EventRounds "7"]
[EventType "team-swiss"]
[EventDate "2010.11.16"]

1. e4 c5 2. Nf3 Nc6 3. d4 cxd4 4. Nxd4 g6 5. Nc3 Bg7 6. Be3 Nf6 7. Be2 O-O 8.
f3 Qb6 9. Nxc6 Qxc6 10. Bb5 Qc7 11. Qd2 d6 12. O-O-O Be6 13. Kb1 Rfc8 14. g4
Qa5 15. Nd5 Qxb5 16. Nxe7+ Kh8 17. Nxc8 Rxc8 18. b3 Qc6 19. h4 Qc3 20. Qxc3
Rxc3 21. Rhe1 Ne8 22. Re2 a5 23. Rf1 a4 24. Bd2 Rc6 25. Rh1 axb3 26. cxb3 Nc7
27. h5 Nb5 28. hxg6 Na3# 0-1

[Event "DLM 2010"]
[Site "Stuttgart GER"]
[Date "2010.11.20"]
[Round "7"]
[White "Müller, Max"]
[Black "Orhan, Eda"]
[Result "0-1"]
[Termination "normal"]
[Board "5.7"]
[WhiteElo "1298"]
[BlackElo "1768"]
[WhiteTeam "Saarland"]
[BlackTeam "Nordrhein-Westfalen"]
[WhiteFideId "12900486"]
[BlackFideId "24659258"]
[EventCountry "GER"]
[EventRounds "7"]
[EventType "team-swiss"]
[EventDate "2010.11.16"]

1. d4 d5 2. e3 Nf6 3. f4 e6 4. Nf3 c5 5. c3 Nc6 6. Bd3 Bd6 7. O-O O-O 8. Ne5
Ne4 9. Nd2 f5 10. Ndf3 Qc7 11. Nxc6 bxc6 12. Ne5 Bb7 13. Rf3 cxd4 14. exd4 c5
15. Rh3 Nf6 16. Qe1 Rfe8 17. b3 cxd4 18. cxd4 a5 19. Bb2 Qb6 20. Qe2 Ba6 21.
Bxa6 Qxa6 22. Qxa6 Rxa6 23. Rc3 Ne4 24. Rc2 a4 25. Rac1 axb3 26. axb3 Bxe5 27.
dxe5 Rb6 28. Rc8 Rxc8 29. Rxc8+ Kf7 30. Rc7+ Kg6 31. g3 Rxb3 32. Rc2 Rb7 33.
Kg2 Kf7 34. Bd4 h6 35. Rb2 Rc7 36. Ra2 Ke7 37. Ra7 Rxa7 38. Bxa7 Kd7 39. Kf3 h5
40. Ke3 Kc6 41. Kd4 Nd2 42. Kd3 Ne4 43. Kd4 Kb5 44. Kd3 Kc6 45. Kd4 g5 46. fxg5
Nxg5 47. Ke3 Kb5 48. Bd4 Kc4 49. Ba1 Ne4 50. Bb2 Nc3 51. Kf4 d4 52. Kg5 Kd5 53.
Kxh5 Kxe5 54. Kg6 Ne2 55. Ba3 Ke4 56. Bd6 f4 57. gxf4 Nxf4+ 58. Bxf4 Kxf4 59.
h4 d3 60. h5 d2 61. h6 d1=Q 62. h7 Qc2+ 63. Kg7 Qxh7+ 64. Kxh7 e5 0-1

[Event "DLM 2010"]
[Site "Stuttgart GER"]
[Date "2010.11.20"]
[Round "7"]
[White "Reksten, Anne"]
[Black "Müller, Sophie"]
[Result "1-0"]
[Termination "normal"]
[Board "5.8"]
[WhiteElo "1407"]
[BlackElo "1168"]
[WhiteTeam "Nordrhein-Westfalen"]
[BlackTeam "Saarland"]
[WhiteFideId "24692778"]
[BlackFideId "12926698"]
[EventCountry "GER"]
[EventRounds "7"]
[EventType "team-swiss"]
[EventDate "2010.11.16"]

1. c4 e5 2. g3 Nf6 3. Bg2 Bc5 4. Nc3 O-O 5. e3 d6 6. Nge2 Nc6 7. a3 Be6 8. d4
exd4 9. exd4 Bxc4 10. dxc5 dxc5 11. Qxd8 Raxd8 12. Bxc6 bxc6 13. O-O Rfe8 14.
Re1 Re6 15. Be3 Rde8 16. Nf4 R6e7 17. Bd2 Rxe1+ 18. Rxe1 Rxe1+ 19. Bxe1 Kf8 20.
Na4 Nd7 21. Ba5 g5 22. Ng2 Bb5 23. Nc3 Nb6 24. Nxb5 cxb5 25. Ne3 Ke7 26. Kf1
Kd6 27. Bxb6 cxb6 28. Ke2 Ke5 29. f3 Kd4 30. Kd2 c4 31. Nf5+ Ke5 32. Ne7 a5 33.
Nc8 Kd4 34. Nxb6 Kc5 35. Nd7+ Kd4 36. Nf6 h6 37. Ng4 h5 38. Nf6 b4 39. axb4
axb4 40. Nxh5 c3+ 41. bxc3+ bxc3+ 42. Kc2 Ke3 43. f4 gxf4 44. Nxf4 Kf3 45. h4
Kg4 46. Kxc3 f6 47. Kd4 f5 48. Ke5 Kxg3 49. h5 Kg4 50. h6 Kg3 51. h7 Kg4 52.
h8=Q Kg3 53. Qh3+ Kf2 54. Kd4 Ke1 55. Qh2 Kd1 56. Kd3 Ke1 57. Qe2# 1-0